000 00753nam a22002532 4500
001 0000005955
005 20151217152009.0
008 070817s xx 000 0 eng d
020 _a8127201723 :
040 _aKABU
_cKABU
050 0 _aHF5635
_b.J35 2002
100 1 _aJain, S. P.
_@0000151880
245 1 0 _aAdvanced accountancy. volume II /
_cS. P. Jain, K. L. Narang.
250 _a13th rev. ed.
260 _aNew Delhi :
_bKalyani,
_c2002.
300 _aviii, 1145 p.
362 0 _avol. II.
650 0 _aAccounting.
_@0000148321
700 1 _aNarang, K. L.
_@0000155196
908 _a070817
950 _@1
999 _c7136
_d7136